Normal view
MARC view
- Aslam, Javaria
Entry Personal Name
001 - CONTROL NUMBER
- control field: 120157
003 - CONTROL NUMBER IDENTIFIER
- control field: NUST
005 - DATE AND TIME OF LATEST TRANSACTION
- control field: 20240130155118.0
008 - FIXED-LENGTH DATA ELEMENTS
- fixed length control field: 240130|| aca||aabn | a|a d
040 ## - CATALOGING SOURCE
- Original cataloging agency: NUST
- Transcribing agency: NUST
100 ## - HEADING--PERSONAL NAME
- Personal name: Aslam, Javaria
670 ## - SOURCE DATA FOUND
- Source citation: Work cat.: (NUST): Aslam, Javaria, Design and Development of Electrically Small, Planar Horizontally Polarized Dual-Band Efficient Omnidirectional Antenna/
